Social skills activities for secondary students with special needs / (Record no. 656)

MARC details
000 -LEADER
fixed length control field 01191pam a2200301 a 4500
005 - DATE AND TIME OF LATEST TRANSACTION
control field 20260322212029.0
008 - FIXED-LENGTH DATA ELEMENTS--GENERAL INFORMATION
fixed length control field data
010 ## - LIBRARY OF CONGRESS CONTROL NUMBER
LC control number 97030725
020 ## - INTERNATIONAL STANDARD BOOK NUMBER
International Standard Book Number 0876288964
020 ## - INTERNATIONAL STANDARD BOOK NUMBER
International Standard Book Number 9780876288962
040 ## - CATALOGING SOURCE
Original cataloging agency DLC
Transcribing agency DLC
Modifying agency DLC
043 ## - GEOGRAPHIC AREA CODE
Geographic area code n-us---
050 00 - LIBRARY OF CONGRESS CALL NUMBER
Classification number HV894
Item number .M365 1998
082 00 - DEWEY DECIMAL CLASSIFICATION NUMBER
Classification number 362.1/968
Edition information 21
001 - CONTROL NUMBER
control field data
100 1# - MAIN ENTRY--PERSONAL NAME
Personal name Mannix, Darlene.
245 10 - TITLE STATEMENT
Title Social skills activities for secondary students with special needs /
Statement of responsibility, etc. Darlene Mannix & Tim Mannix.
260 ## - PUBLICATION, DISTRIBUTION, ETC.
Place of publication, distribution, etc. West Nyack, N.Y. :
Name of publisher, distributor, etc. Center for Applied Research in Education,
Date of publication, distribution, etc. c1998.
300 ## - PHYSICAL DESCRIPTION
Extent ix, 256 p. :
Other physical details ill. ;
Dimensions 28 cm.
650 #0 - SUBJECT ADDED ENTRY--TOPICAL TERM
Topical term or geographic name entry element Developmentally disabled children
Geographic subdivision United States
General subdivision Life skills guides.
650 #0 - SUBJECT ADDED ENTRY--TOPICAL TERM
Topical term or geographic name entry element Developmentally disabled children
General subdivision Education (Secondary)
Geographic subdivision United States.
650 #0 - SUBJECT ADDED ENTRY--TOPICAL TERM
Topical term or geographic name entry element Life skills
General subdivision Study and teaching (Secondary)
Geographic subdivision United States.
650 #0 - SUBJECT ADDED ENTRY--TOPICAL TERM
Topical term or geographic name entry element Social skills
General subdivision Study and teaching (Secondary)
Geographic subdivision United States.
700 1# - ADDED ENTRY--PERSONAL NAME
Personal name Mannix, Tim,
Relator term ill.
906 ## - LOCAL DATA ELEMENT F, LDF (RLIN)
a 7
b cbc
c orignew
d 1
e ocip
f 19
g y-gencatlg
991 ## -
-- c-GenColl
-- HV894
-- .M365 1998
-- Copy 1
-- BOOKS
Holdings
Withdrawn status Lost status Damaged status Not for loan Home library Current library Shelving location Date acquired Total checkouts Full call number Barcode Date last seen Price effective from Koha item type
        Midway Midway General stacks 22/03/2026   362.1/968 21 BC0010673 22/03/2026 22/03/2026 Books